Operačné riziko v komerčných bankách SR

Prístupy merania operačného rizika v komerčných bankách v Slovenskej republike. Meranie operačného rizika. Prístup základného indikátora (BIA – Basic indicator approach), štandardizovaný prístup, (TSA- The standardized approach), pokročilé prístupy merania.

Na minha lista:
Detalhes bibliográficos
Autor principal: Schwarzová, Mária
Formato: Capítulo de Livro
Idioma:eslovaco
Assuntos:
Tags: Adicionar Tag
Sem tags, seja o primeiro a adicionar uma tag!

MARC

LEADER 00000nla a2200000 4500
001 0175027
005 20240502073002.3
041 0 |a slo 
044 |a SK 
245 1 0 |a Operačné riziko v komerčných bankách SR  |c Mária Schwarzová 
520 |a Prístupy merania operačného rizika v komerčných bankách v Slovenskej republike. Meranie operačného rizika. Prístup základného indikátora (BIA – Basic indicator approach), štandardizovaný prístup, (TSA- The standardized approach), pokročilé prístupy merania. 
610 2 0 |a banky obchodné 
610 2 0 |a riziko operačné 
610 2 0 |a Slovensko 
100 1 |a Schwarzová, Mária